The Physiology of Health and Illness with related anatomy / (Record no. 827)
[ view plain ]
| 000 -LEADER | |
|---|---|
| fixed length control field | 00504nam a2200157Ia 4500 |
| 020 ## - INTERNATIONAL STANDARD BOOK NUMBER | |
| International Standard Book Number | 9780748731732 |
| 082 ## - DEWEY DECIMAL CLASSIFICATION NUMBER | |
| Classification number | 612 |
| Author Mark | HUB |
| 100 ## - MAIN ENTRY--PERSONAL NAME | |
| Author Name | Hubbard, Judy |
| 245 #4 - TITLE STATEMENT | |
| Title | The Physiology of Health and Illness with related anatomy / |
| 260 ## - PUBLICATION, DISTRIBUTION, ETC. | |
| Place of publication, distribution, etc. | Spain |
| Name of publisher, distributor, etc. | Stanley Thornes |
| Date of publication, distribution, etc. | 1997 |
| 300 ## - PHYSICAL DESCRIPTION | |
| No of Pages | 710 |
| illustrations | ILL |
| Dimensions | 25CM |
| 504 ## - BIBLIOGRAPHY, ETC. NOTE | |
| Bibliography, Index, etc. note | INCLUDE: REFERENCES , INDEX |
| 650 ## - SUBJECT ADDED ENTRY--TOPICAL TERM | |
| Subject | Physiology _human.Anatomy.Health care |
| Keywords | Human anatomy,,Human physiology |
| 942 ## - ADDED ENTRY ELEMENTS (KOHA) | |
| Koha item type | Books |
| Source of classification or shelving scheme | |
| 952 ## - LOCATION AND ITEM INFORMATION (KOHA) | |
| -- | 2018-03-16 |
| Item status | Home library | Current library | Shelving location | Date acquired | Total Checkouts | Full call number | Barcode | Date last seen | Koha item type |
|---|---|---|---|---|---|---|---|---|---|
| Islamabad Medical and Dental College | Islamabad Medical and Dental College | Islamabad Medical and Dental College | 16/03/2018 | 612 HUB | 0958 | 16/03/2018 | Books |
